Language Quiz

Random Language Quiz

Surprise Plus S: length 11 Quiz Stats

 Plays Quiz not verified by Sporcle

Score 0/98 Timer 20:00
0 Plays Today
Word Word + S % Correct
ANTISEIZURESUZERAINTIES
100%
COMMONSENSECOMMONNESSES
100%
CONCEPTUSESCONSPECTUSES
100%
CRUDENESSESCURSEDNESSES
100%
FILMINESSESFLIMSINESSES
100%
FOLKINESSESFOLKSINESSES
100%
GENTEELNESSGENTLENESSES
100%
GRATULATINGGASTRULATING
100%
INANENESSESINSANENESSES
100%
LABIALITIESSALABILITIES
100%
LIGHTNESSESSLIGHTNESSES
100%
MEATINESSESSTEAMINESSES
100%
MICROCOPIESMICROSCOPIES
100%
MICROPOROUSMICROSPOROUS
100%
MISFOCUSINGMISFOCUSSING
100%
MULTIPIECESMULTISPECIES
100%
NAPPINESSESSNAPPINESSES
100%
NUBBINESSESSNUBBINESSES
100%
NUCLEOSIDESCLOUDINESSES
100%
OVERFOCUSEDOVERFOCUSSED
100%
OVERFOCUSESOVERFOCUSSES
100%
OVERTRAINEDOVERSTRAINED
100%
PATHOGENIESPATHOGENESIS
100%
PENETRATIVEPRESENTATIVE
100%
PEPPERINESSPREPPINESSES
100%
PETROGENIESPETROGENESIS
100%
PLAINNESSESPAINLESSNESS
100%
POTTINESSESSPOTTINESSES
100%
PREALTERINGREPLASTERING
100%
PREELECTINGPRESELECTING
100%
PREELECTIONPRESELECTION
100%
PREFOCUSINGPREFOCUSSING
100%
PREINSERTEDINTERSPERSED
100%
Word Word + S % Correct
PUNKINESSESSPUNKINESSES
100%
RECEPTIVELYRESPECTIVELY
100%
REREMINDINGMISRENDERING
100%
RESENTENCEDCENTEREDNESS
100%
RETRAINABLERESTRAINABLE
100%
RUTTINESSESTRUSTINESSES
100%
SEMIOLOGIESSEISMOLOGIES
100%
STILLNESSESLISTLESSNESS
100%
STRAIGHTENSSTRAIGHTNESS
100%
TENSIOMETRYSENSITOMETRY
100%
TOPLESSNESSSPOTLESSNESS
100%
TRACHEOTOMYTRACHEOSTOMY
100%
TRANSHIPPEDTRANSSHIPPED
100%
TUNABLENESSUNSTABLENESS
100%
UNREACHABLEUNSEARCHABLE
100%
UNREDRESSEDUNDERDRESSES
100%
ANESTHETICSCHATTINESSES
50%
APOLOGETICSESCAPOLOGIST
50%
CANTILEVERSVERTICALNESS
50%
CLEARNESSESCARELESSNESS
50%
CONTAINABLESANCTIONABLE
50%
CYLINDERINGDISCERNINGLY
50%
ENSANGUINESSANGUINENESS
50%
GATECRASHESCHEATGRASSES
50%
INOCULATINGINOSCULATING
50%
INTERLACINGCENTRALISING
50%
MELIORATINGMINERALOGIST
50%
NATURALISESSALUTARINESS
50%
NECROPOLEISNECROPOLISES
50%
OUTCHARGINGROUGHCASTING
50%
OVERHEAPINGVENOGRAPHIES
50%
PATRICIATESSEPARATISTIC
50%
PHYSIOCRATSASTROPHYSICS
50%
Word Word + S % Correct
PLANETARIESPLEASANTRIES
50%
PROCURESSESSUPERCROSSES
50%
PROPRIETIESPROSPERITIES
50%
RECONCEIVESCOERCIVENESS
50%
REIMPORTINGMISREPORTING
50%
REMASTERINGMASTERSINGER
50%
REPUTATIONSSUPERSTATION
50%
RESENTENCESRECENTNESSES
50%
SCALINESSESCLASSINESSES
50%
SLAUGHTEREDDAUGHTERLESS
50%
SPARENESSESSPARSENESSES
50%
STREAMLINESMASTERLINESS
50%
SUPERSCALESSUPERCLASSES
50%
TARTINESSESSTRAITNESSES
50%
TEARFULNESSARTFULNESSES
50%
TIEMANNITESINTIMATENESS
50%
UNCONFESSEDCONFUSEDNESS
50%
UNMEMORABLYMEMBRANOUSLY
50%
VEGETARIANSASSEVERATING
50%
CONGENIALLYGEOSYNCLINAL
0%
GINGERSNAPSGRASPINGNESS
0%
INOCULATIVEVESICULATION
0%
IONOSPHERICRHINOSCOPIES
0%
OSTENSORIUMTIMOROUSNESS
0%
PHLOGOPITESPSEPHOLOGIST
0%
PROPRIETARYPERSPIRATORY
0%
PROTHORACICARTHROSCOPIC
0%
RATIONALITYANTIROYALIST
0%
REINSERTINGRETIRINGNESS
0%
RETINOPATHYATTORNEYSHIP
0%
RHINESTONESTHORNINESSES
0%
SENIORITIESSENIORITISES
0%

You're not logged in!

Compare scores with friends on all Sporcle quizzes.
OR
Log In

Sporcle TV

Today on Sporcle TV


Watch our educational content, quiz creation guides, and fun videos on Sporcle TV.

Show Comments

Extras

Created Sep 14, 2017ReportNominate
Tags:US Scrabble

Top Quizzes Today


Score Distribution

Your Account Isn't Verified!

In order to create a playlist on Sporcle, you need to verify the email address you used during registration. Go to your Sporcle Settings to finish the process.

Report this User

Report this user for behavior that violates our Community Guidelines.

Details: